N - Z, aber rückwärts - Statistiken

Allgemein
  • Dieses Quiz wurde 84 mal gespielt
  • Das Durchschnittsergebnis liegt bei 10 aus 13
Antwortstatistiken
Bildquiz Antwort % Korrekt
essün / Nüsse
100%
ellauq / Qualle
92%
nefier / Reifen
89%
niewhcs / Schwein
85%
sirap / Paris
85%
nefport / Tropfen
78%
enortiz / Zitrone
76%
legov / Vogel
70%
eleluku / Ukulele
69%
itey / Yeti
69%
nretso / Ostern
69%
nohpolyx / Xylophon
66%
retniw / Winter
66%
Keine übereinstimmenden Quizze gefunden
Verteilung der Resultate
Anzahl Personen mit jedem Resultat
Perzentil nach korrekt beantworteten Fragen
Ihre Resultats-Entwicklung
Sie haben dieses Quiz noch nicht gespielt